000 00939cam a2200205 4500
001 WB3704-28
008 000000n2001 000 0 eng u
035 _a(Sirsi) u110527
245 _aMinisters reject home Bill fears
260 _c2001
490 _aMunicipal Journal
_v 19-25 January 2001, 8(1)
520 _aConcerns by trading standards staff over new duties to enforce sellers packs have been dismissed by ministers. Ministers have also ruled out exempting councils from providing seller's packs when selling council houses to tenants. Fears are that failure to provide a pack will mean ordinary people may be branded as criminals and tenants will force councils to carry out repairs before a sale is made.
590 _aWB
650 _aHOME INFORMATION PACKS
650 _aTRADING STANDARDS
650 _aCOUNCIL HOUSE SALES
650 _aHOMES BILL 2001
690 _aPROPERTY AND LAND LAW-CONVEYANCING
942 _n0
999 _c65885
_d65885